All songs made by asteria - Statistics

General Stats
  • This quiz has been taken 43 times
    32 since last reset
  • The average score is 39 of 106
Answer Stats
Year of release Featured artists/producers Song title % Correct
2024 Britney Manson, kets4eki BFM
93%
2024 N/A EYES ON ME
87%
2023 N/A WHAT YOU WANT!
87%
2025 6arelyhuman BLOODBATH
73%
2023 kets4eki, Pedro every pill
67%
2024 6arelyhuman, kets4eki Faster N Harder
67%
2023 kets4eki i fucked her friend
67%
2021 N/A paranoid
67%
2025 6arelyhuman RED MERCEDES
67%
2024 Odetari TELL ME LIES
67%
2021 N/A i didn't need you anyway
60%
2023 Ext3r4, wasty Monster
60%
2024 N/A MONSTER
60%
2025 6arelyhuman, kets4eki ON MY WAY!
60%
2025 kets4eki PIKA GIRL
60%
2023 kets4eki, wasty #RAVELIFE
60%
2025 kets4eki WE MADE IT
60%
2023 kets4eki COME ON
53%
2023 kets4eki DOLLAR BILLS
53%
2023 6arelyhuman, kets4eki feeling nothing
53%
2024 Lytra HAHA!
53%
2023 kets4eki PROJECT X
53%
2024 Sickboyrari w4ste away
53%
2025 N/A YOU CAN'T HIDE
53%
2024 N/A DIE FOR YOU
47%
2024 kets4eki DON'T UNDERSTAND IT
47%
2025 Lytra, Vyzer DRIFT
47%
2025 N/A EXOTIC
47%
2022 N/A FUSION
47%
2025 kets4eki GOLD
47%
2023 kets4eki gone, for so long
47%
2025 N/A i hate your friends
47%
2025 kets4eki MAKE IT BOUNCE!
47%
2025 6arelyhuman, kets4eki Millionaire
47%
2025 d3r problems
47%
2023 kets4eki TRYNA FUCK (SPARTA)
47%
2025 N/A WATCH THIS!
47%
2025 kets4eki WELCOME TO THE PARTY
47%
2025 d3r, kets4eki, wasty AMG
40%
2023 hubithekid, kets4eki COUNT IT UP
40%
2025 N/A DEAD AGAIN
40%
2025 d3r, kets4eki DROP IT!
40%
2023 kets4eki FADED
40%
2025 6arelyhuman HYPNOTIZED
40%
2025 6arelyhuman Make Me Famous
40%
2025 kets4eki MANNERS
40%
2023 kets4eki MOLLY
40%
2025 N/A MOVE YOUR BODY
40%
2025 kets4eki NEW BITCH
40%
2024 6arelyhuman, kets4eki Party Like The 80s
40%
2024 N/A ROCK THAT SHIT!
40%
2024 N/A SECOND CHANCES
40%
2024 6arelyhuman Take A Pic
40%
2025 N/A that's okay...
40%
2023 kets4eki THROW IT!
40%
2023 kets4eki TOO MANY LINES!
40%
2023 6arelyhuman, kets4eki WHAT YOU WANT! - REMIX
40%
2023 N/A wonder why
40%
2023 Lytra, pluto Body on the floor
33%
2025 6arelyhuman FADE AWAY
33%
2025 kets4eki FOR REAL
33%
2025 Clonnex GALORE
33%
2025 kets4eki GET DOWN
33%
2024 hubithekid, Pearlblade give me more
33%
2024 kets4eki, Lytra, Vyzer HAHA! - Remix
33%
2024 kets4eki, kmrnxo, Vyzer MESSAGES
33%
2024 N/A OUT OF BODY
33%
2025 kets4eki PROJECT X 2.0
33%
2023 10n35t4r, kets4eki, pink luu something's not okay
33%
2023 2504, eclipse warsaw
33%
2025 kets4eki ALL NIGHT LONG
27%
2023 d3r biggest fan
27%
2024 kets4eki, Lytra HOLD UP!
27%
2025 N/A lie about this
27%
2025 N/A MIA
27%
2024 d3r, m1v no escape
27%
2024 kets4eki pick & choose
27%
2023 d3r see through
27%
2025 kets4eki THROW BANDZZZ
27%
2024 kets4eki ULTRA INSTINCT
27%
2024 N/A WORST NIGHTM4RE
27%
2024 stanchris Chase
20%
2024 N/A countin b4nds up #an4rch
20%
2023 pluto emo girl
20%
2023 kets4eki, wasty go_hard
20%
2024 kets4eki, Mata, Pedro R4V3 P0Ti0N
20%
2023 N/A what'd i say..
20%
2025 Lytra WHAT YOU TRYNA DO
20%
2024 $werve EYES ON ME - $WERVE REMIX
13%
2024 6arelyhuman, kets4eki, Tara Yummy Faster n Harder - Mega Mix
13%
2025 kets4eki GOIN DUMB
13%
2025 N/A #LETASTERIACOMEHOME
13%
2024 kets4eki ONE MORE TIME
13%
2025 kets4eki gubie sie w tobie <3
7%
2025 N/A make you sweat
7%
2025 kets4eki october
7%
2025 kets4eki six plaques
7%
2025 N/A the only one you love
7%
2025 N/A too alive
7%
2025 kenzee took over the world
7%
2025 kets4eki breathe for it
0%
2025 N/A everyday is the same in nz
0%
2025 N/A i just hope you tell me when you change your mind
0%
2025 kets4eki i was off a pill in przechodnia
0%
2025 N/A life update: she changed her mind
0%
2024 Zak Conner Party Like The 80s - Frenchcore
0%
No matching quizzes found
Score Distribution
Percent of People with Each Score
Percentile by Number Answered
Your Score History
You have not taken this quiz since the last reset